Statistics for Countries Producing Most Fashion Models

Click here to take the quiz!

General Stats

  • This quiz has been taken 352 times
  • The average score is 15 of 20

Answer Stats

# Model producing country % Correct
1.United States
98%
10.France
94%
4.United Kingdom
93%
2.Brazil
92%
3.Russia
92%
7.Germany
89%
6.Sweden
85%
6.Canada
82%
9.Australia
78%
9.Norway
77%
4.Denmark
76%
7.Netherlands
71%
8.Poland
65%
10.Czech Republic
51%
2.Iceland
49%
1.Estonia
48%
8.Slovakia
47%
5.Latvia
47%
3.Lithuania
44%

Score Distribution

Percentile by Number Answered

Percent of People with Each Score

Your Score History

You have not taken this quiz